000 02978nam a2200361 a 4500
001 30314
003 BD-RjUL
005 20211209051538.0
008 140409r20121998ii ab b 00100 eng d
020 _a019564459X
020 _a9780195644593
035 _a(BD-RjUL)30399
040 _aDLC
_beng
_cDLC
_dBD-RjUL
041 _aeng
082 0 0 _a338.954
_221
_bIND 2012
245 0 0 _aIndian development :
_bselected regional perspectives /
_ceditors, Jean Dreze and Amartya Sen.
260 _aDelhi ;
_aNew York :
_bOxford University Press,
_c1998 [Impression 2012].
300 _axx, 420 p. :
_bill. ;
_c22 cm.
490 1 _aUNU/WIDER studies in development economics
500 _a"A study prepared for the World Institute for Development Economics Research of the United Nations University (UNU/WIDER)."
504 _aIncludes bibliographical references (p. 398-406) and indexes.
505 0 _a1. Radical Needs and Moderate Reforms / Amartya Sen. 1. Ends, Means and Practical Reason. 2. Regional Diversities and Contrasts. 3. Intrinsic Value and Instrumental Role of Human Capabilities. 4. On Learning from Others and from India. 5. Counterproductive Regulations and Necessary Reforms. 6. India and China: Comparisons and Contrasts. 7. India's Educational Backwardness and Lessons of Kerala. 8. The Economic Handicap of Educational Backwardness. 9. The Role of Pre-reform China in its Post-reform Success. 10. Economic Development through Social Opportunity. 11. The Need for a Bigger Departure -- 2. Uttar Pradesh: The Burden of Inertia /Jean Dreze and Haris Gazdar. 1. Introduction. 2. Living Conditions in Uttar Pradesh. 3. Schooling in Uttar Pradesh: A Field Investigation. 4. Public Policy and Schooling Decisions. 5. The Burden of Inertia. 6. Concluding Remarks -- 3. Agrarian Politics and Rural Development in West Bengal / Sunil Sengupta and Haris Gazdar.
505 8 _a1. Why Look at Rural West Bengal? 2. Political Economy of the Reform Programme. 3. Impact on Livelihoods. 4. Change and Stagnation. 5. Beyond the Agrarian Agenda -- 4. On Kerala's Development Achievements / V. K. Ramachandran. 1. Introduction. 2. Background. 3. Kerala's Health Achievements. 4. Literacy in Kerala. 5. Aspects of Caste and Gender Relations in Kerala. 6. Agrarian Change. 7. Agents of Change. 8. Conclusions -- 5. Mortality, Fertility and Gender Bias in India: A District-level Analysis / Mamta Murthi, Anne-Catherine Guio and Jean Dreze. 1. Introduction. 2. Issues and Hypotheses. 3. Data and Estimation. 4. Basic Results. 5. Further Results and Extensions. 6. Discussion.
650 0 _aIndia
_xEconomic conditions
_y1947-
_992150
650 0 _aIndia
_xSocial conditions,
_y1947-
_992151
700 1 _aDreze, Jean.
_980677
700 1 _aSen, Amartya,
_d1933-
_95662
710 2 _aWorld Institute for Development Economics Research.
_992152
830 0 _aStudies in development economics
_992155
942 _2ddc
_cBK
999 _c30314
_d30314